| 000 | 00467nam a2200145 a 4500 | ||
|---|---|---|---|
| 001 | 000026619 | ||
| 005 | 20240313073817.0 | ||
| 008 | 110324s1983 dr 000 0 spa d | ||
| 040 |
_aDO-SdBNP _bspa _cBNPHU |
||
| 082 |
_axxx _bG943b |
||
| 245 | 0 | 0 |
_aGuía biobibliográfica : _b123 escritores dominicanos vivos 1983 / _cpresentación Lipe Collado. |
| 260 |
_aSanto Domingo : _bAlfa y Omega, _c1983. |
||
| 300 |
_a139 p. ; _c17 cm. |
||
| 700 | 1 |
_aCollado, Lipe, _d1947- _979819 |
|
| 999 |
_c26111 _d26111 |
||